Statistiques concernant Equipage des Mugiwaras ( One Piece )

Cliquez ici pour prendre le quiz!

Statistiques générales

  • Ce quiz a été pris 117 fois
    (39 depuis la dernière actualisation)
  • Le résultat moyen est 10 sur 10

Statistiques - réponses

Réponse% Correct
Chopper
100%
Luffy
100%
Sanji
100%
Zoro
100%
Nami
97%
Robin
95%
Brook
92%
Franky
92%
Usopp
90%
Jinbe
85%

Distribution des résultats

Percentile par nombre de réponses

% des personnes avec chaque résultat

Votre développement - résultats

Vous n’avez pas pris ce quiz depuis la dernière actualisation